| 000 | 00983cab a22002055a 4500 | ||
|---|---|---|---|
| 001 | L140112 | ||
| 008 | 070904e20070831xxka f 000 0 eng d | ||
| 035 | _a(Sirsi) u140112 | ||
| 041 | 0 | _aeng | |
| 100 | 1 | _aSpring, Martin | |
| 245 | 0 | 0 | _aPump up the volume |
| 260 | _c2007 | ||
| 490 | 0 |
_aBuilding _v272(8495) 31 August 2007, 38-42(5) |
|
| 520 | _aReports on the latest advances in volumetric construction. Looks at the design and technology, benefits and output of the following volumetric construction companies: Yorkon, Cartwright Pickard/Genesis, Verbus, Spaceover, and Elements Europe. Notes that companies such as Spaceover who are keen to infiltrate the housing sector have a long way to go as currently volumetric construction only produces around 350 housing units a year, just 0.2% of the total national output. | ||
| 590 | _aKA | ||
| 650 | 2 | 4 | _aVOLUMETRIC CONSTRUCTION |
| 651 | 4 |
_aUnited Kingdom _y |
|
| 690 | _aBUILT ENVIRONMENT-CONSTRUCTION DESIGN | ||
| 942 | _n0 | ||
| 999 |
_c79199 _d79199 |
||